Mr. Dooley & Mr. Dunne : the literary life of a Chicago Catholic /

Bibliographic Details
Main Author: Bander, Edward J.
Format: Book
Language:English
Published: Charlottesville, Va. : Michie Co., [1981]
Subjects:

MARC

Tag First Indicator Second Indicator Subfields
LEADER 00000cam a2200000 a 4500
001 in00000084944
005 20151008054427.0
008 810727s1981 vaua b 00110 eng
010 |a  81008282  
020 |a 0872153290 
035 |a (OCoLC)07261419 
035 |9 AAJ0631AM 
039 0 |a 2  |b 3  |c 3  |d 3  |e 3 
040 |a DLC  |c DLC  |d TXA  |d UtOrBLW 
049 |a TXAM  |c [1406916] 
050 0 0 |a PS3507.U6755  |b Z55 
082 0 |a 814/.52  |2 19 
100 1 |a Bander, Edward J. 
245 1 0 |a Mr. Dooley & Mr. Dunne :  |b the literary life of a Chicago Catholic /  |c by Edward J. Bander ; sketches by Hal Zamboni. 
264 1 |a Charlottesville, Va. :  |b Michie Co.,  |c [1981] 
264 4 |c ©1981 
300 |a xvi, 321 pages :  |b illustrations ;  |c 24 cm. 
336 |a text  |b txt  |2 rdacontent 
337 |a unmediated  |b n  |2 rdamedia 
338 |a volume  |b nc  |2 rdacarrier 
500 |a Includes index. 
504 |a Bibliography: pages 129-141. 
504 |a "A chronological listing of Finley Peter Dunne's Mr. Dooley essays": pages 143-298. 
600 1 0 |a Dunne, Finley Peter,  |d 1867-1936  |x Criticism and interpretation. 
999 |a MARS 
999 f f |s 12fa4c5d-318e-3c3e-ae6a-2900fca1ff29  |i b58aa94d-81df-3ff3-a080-207d21cb4e51  |t 0 
952 f f |p ric  |a Texas A&M University  |b Rellis Campus  |c Joint Library Facility  |d Remote Storage  |t 0  |e PS3507.U6755 Z55  |h Library of Congress classification  |i unmediated -- volume  |m A14812199325 
998 f f |a PS3507.U6755 Z55  |t 0  |l Remote Storage